00752nam a2200217Ia 4500003000900000008004100009020001800050040001600068080001200084100001700096111006600113245014200179260005000321300001500371490003900386650001700425650001600442650002100458650002400479650003100503IN-BaIIA211028s9999 xx 000 0 eng d a1-56396-987-4 cIIA Library a52bEXP aChang, H.-Y. aKIAS Astrophysics Workshopn1stcSeoul, Koread2000 May 24-27 0aExplosive phenomena in astrophysical compact objectsbfirst KIAS astrophysics workshop held in Seoul, Korea, May 24-27, 2000cH.-Y. Chang aMelvillebAmerican Institute of Physicsc2000 aixv, 404p. aAIP conference proceedings; v. 556 aAstrophysics aBlack holes aGamma-ray bursts aMagnetohdrodynamics aRelativistic- astrophysics